<?xml version="1.0" encoding="UTF-8"?><?xml-stylesheet type="text/xsl" href="static/style.xsl"?><OAI-PMH xmlns="http://www.openarchives.org/OAI/2.0/" xmlns:xsi="http://www.w3.org/2001/XMLSchema-instance" xsi:schemaLocation="http://www.openarchives.org/OAI/2.0/ http://www.openarchives.org/OAI/2.0/OAI-PMH.xsd"><responseDate>2026-04-17T09:18:03Z</responseDate><request verb="GetRecord" identifier="oai:riubu.ubu.es:10259/6095" metadataPrefix="marc">https://riubu.ubu.es/oai/request</request><GetRecord><record><header><identifier>oai:riubu.ubu.es:10259/6095</identifier><datestamp>2021-12-16T11:41:35Z</datestamp><setSpec>com_10259.4_2560</setSpec><setSpec>com_10259_5086</setSpec><setSpec>com_10259_2604</setSpec><setSpec>col_10259.4_2561</setSpec></header><metadata><record xmlns="http://www.loc.gov/MARC21/slim" xmlns:doc="http://www.lyncode.com/xoai" xmlns:xsi="http://www.w3.org/2001/XMLSchema-instance" xmlns:dcterms="http://purl.org/dc/terms/" xsi:schemaLocation="http://www.loc.gov/MARC21/slim http://www.loc.gov/standards/marcxml/schema/MARC21slim.xsd">
<leader>00925njm 22002777a 4500</leader>
<datafield tag="042" ind1=" " ind2=" ">
<subfield code="a">dc</subfield>
</datafield>
<datafield tag="720" ind1=" " ind2=" ">
<subfield code="a">Ayarza, Puy</subfield>
<subfield code="e">author</subfield>
</datafield>
<datafield tag="720" ind1=" " ind2=" ">
<subfield code="a">Villalaín Santamaria, Juan José</subfield>
<subfield code="e">author</subfield>
</datafield>
<datafield tag="720" ind1=" " ind2=" ">
<subfield code="a">Martínez Catalán, José R.</subfield>
<subfield code="e">author</subfield>
</datafield>
<datafield tag="720" ind1=" " ind2=" ">
<subfield code="a">Álvarez Lobato, Fernando</subfield>
<subfield code="e">author</subfield>
</datafield>
<datafield tag="720" ind1=" " ind2=" ">
<subfield code="a">Durán Oreja, Manuela</subfield>
<subfield code="e">author</subfield>
</datafield>
<datafield tag="720" ind1=" " ind2=" ">
<subfield code="a">Calvín Ballester, Pablo</subfield>
<subfield code="e">author</subfield>
</datafield>
<datafield tag="720" ind1=" " ind2=" ">
<subfield code="a">Recio, Clemente</subfield>
<subfield code="e">author</subfield>
</datafield>
<datafield tag="720" ind1=" " ind2=" ">
<subfield code="a">Suárez Barrios, Mercedes</subfield>
<subfield code="e">author</subfield>
</datafield>
<datafield tag="720" ind1=" " ind2=" ">
<subfield code="a">Gómez Martín, Elena</subfield>
<subfield code="e">author</subfield>
</datafield>
<datafield tag="260" ind1=" " ind2=" ">
<subfield code="c">2021-03</subfield>
</datafield>
<datafield tag="520" ind1=" " ind2=" ">
<subfield code="a">The Eastern Galicia Magnetic Anomaly is the best studied anomaly of the Central Iberian Arc. This is due to its location, on the Lugo-Sanabria gneiss dome, and to the fact that its source rocks crop out in the Xistral Tectonic Window. Multiple studies of this anomaly have been carried out, but still, new results keep on shedding light on its understanding. This paper presents the first results on rock magnetic analyses, natural remanent magnetization, anisotropy of the magnetic susceptibility, X-ray diffraction, and stable isotopes geochemistry carried out on the source rocks of this anomaly. Results suggest that magnetization responds to the increase in oxygen fugacity underwent by rocks affected by late Variscan (330-300 Ma) extensional tectonics. Extensional detachments were the pathways that allowed the entrance of fluids that led to syntectonic crystallization of magnetite and hematite in metasediments and inhomogeneous S-Type granitoids derived from their partial melting. Accordingly, magnetization is not linked to lithologies, but to extensional structures developed in the late Carboniferous/earliest Permian, during the Kiaman reverse superchron. Systematic reverse magnetic remanence exhibited by hematite-bearing samples confirms the age of the magnetization and adds complexity to the interpretation of the anomaly. Understanding the EGMA contributes to the interpretation of other anomalies existing in the CIA, also located on thermal domes. The observed extension-related magnetization probably affected most of the NW Iberian Massif, thus hindering the study of previous tectonics by paleomagnetic techniques. This work aims to provide new hints to interpret magnetic anomalies located in extensional tectonic contexts worldwide.</subfield>
</datafield>
<datafield tag="024" ind2=" " ind1="8">
<subfield code="a">0278-7407</subfield>
</datafield>
<datafield tag="024" ind2=" " ind1="8">
<subfield code="a">http://hdl.handle.net/10259/6095</subfield>
</datafield>
<datafield tag="024" ind2=" " ind1="8">
<subfield code="a">10.1029/2020TC006120</subfield>
</datafield>
<datafield ind1=" " ind2=" " tag="653">
<subfield code="a">aeromagnetic anomaly</subfield>
</datafield>
<datafield ind1=" " ind2=" " tag="653">
<subfield code="a">Central Iberian Arc</subfield>
</datafield>
<datafield ind1=" " ind2=" " tag="653">
<subfield code="a">extensional tectonics</subfield>
</datafield>
<datafield ind1=" " ind2=" " tag="653">
<subfield code="a">Iberian Massif</subfield>
</datafield>
<datafield ind1=" " ind2=" " tag="653">
<subfield code="a">Kiaman superchron</subfield>
</datafield>
<datafield ind1=" " ind2=" " tag="653">
<subfield code="a">magnetic S-Type granitoids</subfield>
</datafield>
<datafield tag="245" ind1="0" ind2="0">
<subfield code="a">Characterizing the Source of the Eastern Galicia Magnetic Anomaly (NW Spain): The Role of Extension in the Origin of Magnetization at the Central Iberian Arc</subfield>
</datafield>
</record></metadata></record></GetRecord></OAI-PMH>